Language Quiz

Random Language or Letter Quiz
Score 0/20 Timer 04:00
1 Play Today
De'TACH'ed Word Full Word % Correct
Y _ _ _ _YACHT
98.1%
O R _ _ E S _ R _ORCHESTRA
90.9%
_ O O T _ _ _ H ETOOTHACHE
89.5%
_ _ U M B T _ _ KTHUMBTACK
87.6%
_ R C _ I _ E _ TARCHITECT
87.4%
D E _ _ _ _ L O NDECATHLON
85.8%
_ H _ T _ _ E DTHATCHED
84.9%
_ _ L O R I N _ _ ECHLORINATE
83.8%
_ T _ A _ _ ÉATTACHÉ
82.9%
_ _ _ T _ YCHATTY
81.1%
De'TACH'ed Word Full Word % Correct
_ _ T _ H E _HATCHET
77.5%
P E N _ _ _ N _PENCHANT
72.1%
S U _ C O _ _ S _SUCCOTASH
71.3%
_ _ T _ E _ E RCATHETER
70.6%
_ E _ _ _ R EHECTARE
69.5%
_ _ O R _ C I _THORACIC
65.4%
_ _ E _ _ E RCHEATER
64.6%
P O R _ _ E T _ _PORCHETTA
56.9%
P L _ I N _ _ A N _PLAINCHANT
52.8%
I N _ _ O _ _ EINCHOATE
35.3%
Remove Ads.
Support Sporcle.
Get the best of Sporcle when you Go Orange. This ad-free experience offers more features, more stats, and more fun while also helping to support Sporcle. Thank you for becoming a member.

You're not logged in!

Compare scores with friends on all Sporcle quizzes.
OR
Log In

Show Comments

Extras

Top Quizzes Today


Score Distribution

Your Account Isn't Verified!

In order to create a playlist on Sporcle, you need to verify the email address you used during registration. Go to your Sporcle Settings to finish the process.

Report this User

Report this user for behavior that violates our Community Guidelines.

Details: